000 00304nam a22001337a 4500
008 260323b ||||| |||| 00| 0 eng d
020 _a9789951058247
041 _aShqip
080 _a821.131
100 _a25
101 _aPerralla
245 _aAventurat e Pinokut
_cCarlo Collodi
942 _2lcc
_cBK
999 _c60917
_d60917